| 000 | 00731nam a2200229Ii 4500 | ||
|---|---|---|---|
| 003 | JO-AjNU | ||
| 008 | 230605s9999||||xx |||||||||||||| ||und|| | ||
| 017 | _a2013/11314 | ||
| 020 | _a978-99958-68-10-9 | ||
| 040 |
_aJO-AjNU _bara _erda _cJO-AjNU |
||
| 041 | _aara | ||
| 050 | 1 | 4 | _aK155.A7.K38.2013 |
| 100 | 3 |
_aخاطر، صبري حمد, _eauthor _953103 |
|
| 245 | 0 | 0 | _aتاريخ القانون |
| 250 | _aط1 | ||
| 264 | 3 | 1 | _aالبحرين : جامعة البحرين ، 2013 |
| 300 |
_a351ص _bيشتمل على ببلوغرافية ص (335 -341 ) |
||
| 336 |
_atext _btxt _2rdacontent |
||
| 337 |
_aunmediated _bn _2rdamedia |
||
| 338 |
_avolume _bnc _2rdacarrier |
||
| 650 | 4 |
_a القانون -- تاريخ _953104 |
|
| 999 |
_aA23564 _c27132 _d27132 |
||